Top 15 Countries with Covid-19 Deaths - 14 July - Statistics

General Stats
  • This quiz has been taken 27 times
  • The average score is 14 of 19
Answer Stats
country % Correct
United Kingdom
100%
Italy
96%
United States
96%
France
93%
Germany
93%
Russia
93%
Spain
93%
Mexico
89%
Brazil
85%
India
78%
Canada
70%
Belgium
59%
Chile
59%
Sweden
59%
Ireland
56%
Netherlands
56%
Peru
56%
Iran
52%
Ecuador
26%
No matching quizzes found
Score Distribution
Percent of People with Each Score
Percentile by Number Answered
Your Score History
You have not taken this quiz